Papatzingán : carta topográfica /

Shranjeno v:
Bibliografske podrobnosti
Korporativna značnica: México. Secretaría de Programación y Presupuesto. Comisión de Estudios del Territorio Nacional
Format: Zemljevid
Serija:(Carta Topográfica)
Teme:
Oznake: Označite
Brez oznak, prvi označite!

MARC

LEADER 00000nem^a2200000^a^4500
001 000067223
005 20250521000000.0
007 $$aaj#canzn
009 20260310091246.424
037 |a Acervo ITESO - Biblioteca 
041 |a GRA 
093 |a E-14-A-44 
110 |a México.  |b Secretaría de Programación y Presupuesto. Comisión de Estudios del Territorio Nacional 
240 1 1 |a [El Limón de Papatzingán de Romero, materiales cartográficos] 
245 1 0 |a Papatzingán :  |b carta topográfica / 
255 |a Escala 1 : 50 000 ;  |b Proyección Universal Transversa de Mercator 
264 |a México :  |b Comisión de Estudios del Territorio Nacional,  |c 1976 
300 |a 1 mapa 
336 |a imagen cartográfica estática  |b cri  |2 rdacontenido 
337 |a sin mediación  |b n  |2 rdamedio 
338 |a mapa  |b nz  |2 rdasoporte 
440 1 |a (Carta Topográfica) 
522 |a Cartas adyacentes: E14A33, E14A34, E14A35, E14B43, E14A45, E14A53, E14A54, E14A55 
522 |a Vegetación predominante: vegetación silvestre 
522 |a Carta formada por métodos fotogramétricos a partir de fotografías obtenidas en 1974 
546 |a Edición gráfica con texto en español 
649 |a XX 
650 |a Topografía -  |z México 
650 |a Río Grande 
650 |a El Limón de Papatzingán de Romero, Michoacán 
650 |a Purungueo, Michoacán 
650 |a Pueblo Nuevo, Michoacán 
650 |a San Carlos, Michoacán 
650 |a Las Anonas, Michoacán 
650 |a Michoacán -  |x Mapas 
650 |a México -  |x Mapas 
910 |a Fondo General 
920 |a Gráficos - Mapas 
905 |a 503 
901 |a 0900072234  |b IT2  |c MAP  |u 20250521 
902 |a https://opac.biblio.iteso.mx/vufind/Record/000067223